शिक्षा मनोविज्ञान (बाल विकास एवं शिक्षा शास्त्र ) (Record no. 66896)
[ view plain ]
| 000 -LEADER | |
|---|---|
| fixed length control field | 00564nam a22001577a 4500 |
| 003 - CONTROL NUMBER IDENTIFIER | |
| control field | macl |
| 005 - DATE AND TIME OF LATEST TRANSACTION | |
| control field | 20240602113241.0 |
| 008 - FIXED-LENGTH DATA ELEMENTS--GENERAL INFORMATION | |
| fixed length control field | 240602b |||||||| |||| 00| 0 eng d |
| 040 ## - CATALOGING SOURCE | |
| Transcribing agency | macl |
| 082 ## - DEWEY DECIMAL CLASSIFICATION NUMBER | |
| Classification number | 370 |
| 100 ## - MAIN ENTRY--PERSONAL NAME | |
| Personal name | महेश कुमार बर्णवाल |
| 9 (RLIN) | 82399 |
| 245 ## - TITLE STATEMENT | |
| Title | शिक्षा मनोविज्ञान (बाल विकास एवं शिक्षा शास्त्र ) |
| 260 ## - PUBLICATION, DISTRIBUTION, ETC. (IMPRINT) | |
| Place of publication, distribution, etc. | Delhi |
| Name of publisher, distributor, etc. | Cosmos Pub. |
| Date of publication, distribution, etc. | 2022 |
| 650 ## - SUBJECT ADDED ENTRY--TOPICAL TERM | |
| Topical term or geographic name as entry element | शिक्षा मनोविज्ञान |
| 9 (RLIN) | 82400 |
| 942 ## - ADDED ENTRY ELEMENTS (KOHA) | |
| Source of classification or shelving scheme | |
| Koha item type | Competitive Books |
| Withdrawn status | Lost status | Source of classification or shelving scheme | Damaged status | Not for loan | Home library | Current library | Date acquired | Cost, normal purchase price | Total Checkouts | Full call number | Barcode | Date last seen | Price effective from | Koha item type | Date last checked out |
|---|---|---|---|---|---|---|---|---|---|---|---|---|---|---|---|
| MACL | MACL | 02/06/2024 | 399.00 | 370 | DPI002210 | 02/06/2024 | 02/06/2024 | Competitive Books | |||||||
| MACL | MACL | 02/06/2024 | 399.00 | 2 | 370 | DPI002209 | 07/04/2026 | 02/06/2024 | Competitive Books | 01/03/2025 |









